Matematika pre 1. ročník gymnázií úvod : teória čísel

Bibliographic Details
Main Authors: Smida, Jozef (matematik) (Author, Translator), Šedivý, Jaroslav, 1934-1988 (Author), Lukátšová, Júlia (Author), Vocelka, Jindřich, 1938- (Author)
Format: Book
Language:Slovak
Czech
PhysicalDescription:107 s. sch. 21 cm
Published: Bratislava Slovenské pedagogické nakladateľstvo 1998
ISBN:8008028599
Edition:4. vyd.
Subjects:

MARC

LEADER 00000cam a2200000 a 4500
001 vtls001333879
003 SK-MaSNL
005 20260301065943.0
008 240226s1998 xo rp 000 0 slo
015 |a SNBA1998/10-03452 
020 |a 8008028599 
035 |a SNK000286804 
035 |a urn:nbn:sk:snk-amkht7 
035 |a urn:nbn:sk:snk-am008fct 
035 |a 5CD565BF-4C06-4B75-8C87-C8EC74A59140 
040 |a SNK  |b slo  |c SNK  |e AACR2 
041 1 |a slo  |h cze 
044 |a xo  |c SK 
080 |a 511(075.3)  |2 1981 
245 0 0 |a Matematika pre 1. ročník gymnázií  |b úvod : teória čísel  |c Jozef Smida ... [et al.] ; české časti preložil Jozef Smida 
250 |a 4. vyd. 
260 |a Bratislava  |b Slovenské pedagogické nakladateľstvo  |c 1998 
300 |a 107 s.  |b sch.  |c 21 cm 
650 0 7 |a matematika  |2 SNKPH  |9 70174 
650 0 7 |a teória čísel  |2 SNKPH  |9 21117 
655 7 |a učebnice stredných škôl  |2 SNKPH  |9 69323 
700 1 |a Smida, Jozef  |c (matematik)  |4 aut  |4 trl  |9 198409 
700 1 |a Šedivý, Jaroslav,  |d 1934-1988  |4 aut  |9 258256 
700 1 |a Lukátšová, Júlia  |4 aut  |9 6303 
700 1 |a Vocelka, Jindřich,  |d 1938-  |4 aut 
852 |a Slovenská národná knižnica 
919 |a 80-08-02859-9 
954 |a odborná, vedecká literatúra pôvodná (slovenská)  |2 lita 
954 |a odborná, vedecká literatúra cudzojazyčná (svetová)  |2 lita 
958 |a TL 
958 |a OND 
958 |a UC 
999 |c 632587  |d 634517 
952 |t P60, <03>, [BOOK], {603}  |a SNK  |b SNK  |y PREZ  |7 0  |p 17A0144855  |o snkSC 96061  |i snkKSP 6249/98  |0 0  |1 0  |4 0  |d 1998-06-15  |f 1  |l 0  |r 2025-09-16 00:00:00  |w 2026-02-23 
952 |t P60, <04>, [BOOK], {604}  |a SNK  |b SNK  |y VYP  |7 0  |p 17A0144854  |o snkSC 96061 D1  |i snkKSP 6250/98  |0 0  |1 0  |4 0  |d 1998-06-15  |l 0  |r 2005-01-02 00:00:00  |w 2026-02-23 
952 |t P60, <09>, [BOOK], {629}  |a SNK  |b SNK  |y NEVYP  |7 0  |o snkC 542  |i snk1046/980618  |0 0  |1 0  |4 0  |d 1998-06-17  |l 0  |r 2005-01-02 00:00:00  |w 2026-02-23